|
|
|
|
| LEADER |
01127nam a2200265 a 4500 |
| 001 |
000275435 |
| 008 |
090514s1988 njua b 001 0 eng d |
| 010 |
|
|
|a 87011457 //r87
|
| 020 |
|
|
|a 0130131296
|
| 040 |
|
|
|a DLC
|c DLC
|d UKM
|
| 082 |
0 |
|
|a 621.38/043
|2 19
|
| 245 |
0 |
0 |
|a Advanced topics in signal processing /
|c edited by Jae S. Lim and Alan V. Oppenheim.
|
| 260 |
|
|
|a Englewood Cliffs, N.J. :
|b Prentice-Hall,
|c c1988.
|
| 300 |
|
|
|a x, 518 p. :
|b ill. ;
|c 25 cm.
|
| 490 |
1 |
|
|a Prentice-Hall signal processing series
|
| 504 |
|
|
|a Includes bibliographies and index.
|
| 541 |
1 |
|
|e 00018274
|
| 650 |
|
0 |
|a Signal processing.
|
| 653 |
|
|
|a Digital signals
|a Processing
|
| 700 |
1 |
0 |
|a Lim, Jae S.
|
| 700 |
1 |
0 |
|a Oppenheim, Alan V.,
|d 1937-
|
| 852 |
4 |
|
|a <add your library>
|j <shelf mark>
|
| 999 |
|
|
|c 709
|d 709
|
| 952 |
|
|
|0 0
|1 0
|2 ddc
|4 0
|6 621_380430000000000_ADV_1988
|7 0
|9 652
|a BRACUL
|b BRACUL
|c GEN
|d 2009-05-14
|l 2
|m 1
|o 621.38043 ADV
|p 3010018274
|r 2009-05-28
|s 2009-05-28
|t 1
|w 2009-05-14
|y BK
|
| 952 |
|
|
|0 0
|1 0
|2 ddc
|4 0
|6 621_380430000000000_ADV_1988
|7 0
|9 11093
|a BRACUL
|b BRACUL
|c GEN
|d 2010-06-20
|l 0
|o 621.38043 ADV
|p 3010018275
|r 2010-06-20
|t 2
|w 2010-06-20
|y BK
|